000 00371nam a2200133Ia 4500
008 231017s9999 xx 000 0 und d
082 _a388.1PRI
082 _bPRI
245 0 _aMechanistic comparison of wide-base single vs. standard dual tire configurations
245 0 _cNCAT Auburn University
260 _bNCAT Auburn University
300 _c30cm
942 _cREP
999 _c605211
_d605211